000 00268nam a2200109Ia 4500
008 220204s9999 xx 000 0 und d
082 _a374
_bCOO
100 _aCOOK, Glenn J
245 0 _aArt of making people listen to you
260 _aDelhi
_bVikas
_c1967
942 _cBK
999 _c26392
_d26392